| 000 | 00498nam a2200181Ia 4500 | ||
|---|---|---|---|
| 001 | 18151 | ||
| 005 | 20260306171609.0 | ||
| 008 | 260306s9999||||xx |||||||||||||| ||und|| | ||
| 041 | _aESP | ||
| 082 |
_a658.4012 _bM26 |
||
| 100 |
_aMartínez Pedrós, Daniel _eAUT |
||
| 245 | 0 | _aLa elaboración del plan estratégico y su implantación a través del cuadro de mando integral | |
| 260 | _c2005 | ||
| 300 |
_a366 páginas : _ccm. |
||
| 650 | _aGEN | ||
| 654 | _aCAN | ||
| 942 |
_cLIB _dJUS _fJUS _2ddc _n |
||
| 999 |
_c18151 _d18151 |
||